00968nas a2200241 4500001001300000003000900013005001700022007000300039008003400042040005400076041000900130072000800139100002200147100001900169100002400188245015400212246015400366650003200520650003400552650001500586650001900601773010600620BR2011004984BR-BrBNA20231205115551.0ta230509b bl.|||p| |||| 00| 00por d aBR-BrBNAbporcBiblioteca Nacional de Agricultura a(En) aH501 aOliveira, D.C. de1 aSoares, G.L.G.1 aIsaias, R.M. dos S.1 aPhytotoxicity of the extracts of Lonchocarpus muehlbergianus Hassl. (Fabaceae)leaflets and galls on seed germination and early development of lettuce1 aPhytotoxicity of the extracts of Lonchocarpus muehlbergianus Hassl. (Fabaceae)leaflets and galls on seed germination and early development of lettuce aLONCHOCARPUS MUEHLBERGIANUS aPLANTA PRODUTORA DE PESTICIDA aALELOPATIA aFITOTOXICIDADE0 tActa Botanica Brasilica (Brazil)xISSN 0102-3306g(Oct-Dec 2008), v. 22(4) p. 1095-1100wBR2011004984